000
00262nam a2200109Ia 4500
005
20251222153522.0
008
251222s9999||||xx |||||||||||||| ||spa||
082
_a
REF.036/A44/1998
245
0
_a
Almanaque Universal 1998
264
_b
Navarrete S.A.
942
_c
LIB
999
_c
29775
_d
29775